Artists by themselves : (Record no. 17602)
[ view plain ]
| 000 -LEADER | |
|---|---|
| fixed length control field | 01639cam a2200301 a 4500 |
| 008 - FIXED-LENGTH DATA ELEMENTS--GENERAL INFORMATION | |
| fixed length control field | 840601s1983 nyuc cb 001 0 eng |
| 050 00 - LIBRARY OF CONGRESS CALL NUMBER | |
| Classification number | ND1311 |
| Item number | .N28 1983 |
| 110 2# - MAIN ENTRY--CORPORATE NAME | |
| Corporate name or jurisdiction name as entry element | National Academy of Design (U.S.) |
| 245 10 - TITLE STATEMENT | |
| Title | Artists by themselves : |
| Remainder of title | artists' portraits from the National Academy of Design. |
| 260 ## - PUBLICATION, DISTRIBUTION, ETC. (IMPRINT) | |
| Place of publication, distribution, etc. | New York, N.Y. : |
| Name of publisher, distributor, etc. | The Academy ; |
| Place of publication, distribution, etc. | [Seattle, Wash.] : |
| Name of publisher, distributor, etc. | Distributed by the University of Washington Press, |
| Date of publication, distribution, etc. | c1983. |
| 300 ## - PHYSICAL DESCRIPTION | |
| Extent | 175 p. : |
| Other physical details | ports. (some col.) ; |
| Dimensions | 30 cm. |
| 504 ## - BIBLIOGRAPHY, ETC. NOTE | |
| Bibliography, etc | Includes bibliographical references and index. |
| 650 #0 - SUBJECT ADDED ENTRY--TOPICAL TERM | |
| Topical term or geographic name as entry element | Self-portraits, American |
| General subdivision | Exhibitions. |
| 650 #0 - SUBJECT ADDED ENTRY--TOPICAL TERM | |
| Topical term or geographic name as entry element | Portrait painting, American |
| General subdivision | Exhibitions. |
| 700 1# - ADDED ENTRY--PERSONAL NAME | |
| Personal name | Quick, Michael. |
| 942 ## - ADDED ENTRY ELEMENTS (KOHA) | |
| Source of classification or shelving scheme | |
| Koha item type | Hard Covered Materials |
| Classification part | ND1311 .N28 1983 |
| Withdrawn status | Lost status | Source of classification or shelving scheme | Damaged status | Not for loan | Home library | Current library | Shelving location | Date acquired | Source of acquisition | Total Checkouts | Full call number | Barcode | Date last seen | Price effective from | Koha item type |
|---|---|---|---|---|---|---|---|---|---|---|---|---|---|---|---|
| MACHAKOS UNIVERSITY LIBRARY | MACHAKOS UNIVERSITY LIBRARY | Open shelf | 28/11/2016 | Donation(BFA) | ND1311 .N28 1983 | 28837 | 28/11/2016 | 28/11/2016 | Hard Covered Materials |